Most Popular NFL Jerseys 2025 - Statistics

General Stats
  • This quiz has been taken 504 times
  • The average score is 45 of 50
Answer Stats
Team No. Answer % Correct
Philadelphia Eagles 1 Jalen Hurts
99%
Buffalo Bills 17 Josh Allen
99%
Philadelphia Eagles 26 Saquon Barkley
99%
Kansas City Chiefs 15 Patrick Mahomes
97%
Denver Broncos 10 Bo Nix
96%
Cincinnati Bengals 9 Joe Burrow
96%
Baltimore Ravens 8 Lamar Jackson
96%
Pittsburgh Steelers 8 Aaron Rodgers
95%
Chicago Bears 18 Caleb Williams
95%
Washington Commanders 5 Jayden Daniels
95%
Green Bay Packers 10 Jordan Love
95%
Kansas City Chiefs 87 Travis Kelce
95%
Detroit Lions 14 Amon-Ra St. Brown
94%
Tampa Bay Buccaneers 6 Baker Mayfield
94%
Houston Texans 7 C.J. Stroud
94%
Los Angeles Chargers 10 Justin Herbert
94%
Minnesota Vikings 18 Justin Jefferson
94%
Tennessee Titans 1 Cam Ward
93%
Dallas Cowboys 88 CeeDee Lamb
93%
New England Patriots 10 Drake Maye
93%
San Francisco 49ers 13 Brock Purdy
92%
Philadelphia Eagles 6 DeVonta Smith
92%
Cincinnati Bengals 1 Ja'Marr Chase
92%
Philadelphia Eagles 11 A.J. Brown
91%
Detroit Lions 0 Jahmyr Gibbs
91%
Pittsburgh Steelers 90 T.J. Watt
91%
Dallas Cowboys 4 Dak Prescott
90%
San Francisco 49ers 85 George Kittle
90%
Tampa Bay Buccaneers 13 Mike Evans
90%
San Francisco 49ers 23 Christian McCaffrey
89%
Baltimore Ravens 22 Derrick Henry
89%
Detroit Lions 16 Jared Goff
89%
Minnesota Vikings 9 J.J. McCarthy
89%
Las Vegas Raiders 98 Maxx Crosby
89%
Cleveland Browns 12 Shedeur Sanders
89%
Detroit Lions 97 Aidan Hutchinson
85%
Las Vegas Raiders 2 Ashton Jeanty
85%
Los Angeles Rams 12 Puca Nacua
85%
Jacksonville Jaguars 12 Travis Hunter
85%
Pittsburgh Steelers 4 DK Metcalf
84%
New York Giants 1 Malik Nabers
84%
Denver Broncos 2 Patrick Surtain II
83%
Dallas Cowboys 11 Micah Parsons
82%
Las Vegas Raiders 89 Brock Bowers
80%
Philadelphia Eagles 33 Cooper DeJean
79%
San Francisco 49ers 54 Fred Warner
77%
Tampa Bay Buccaneers 7 Bucky Irving
74%
Los Angeles Chargers 15 Ladd McConkey
73%
Seattle Seahawks 10 Cooper Kupp
72%
Philadelphia Eagles 98 Jalen Carter
71%
No matching quizzes found
Score Distribution
Percent of People with Each Score
Percentile by Number Answered
Your Score History
You have not taken this quiz